Представление документа в формате MARC21

Поле Инд. ПП Название Значение
Тип записи a
Библиографический уровень b
001 Контрольный номер RU/IS/BASE/283870315
005 Дата корректировки 20220715140351.7
008 Кодируемые данные 20081229
040 b Код языка каталог. rus
e Правила каталог. PSBO
041 0_ a Код языка текста rus
084 a Индекс другой классификации/Индекс ББК 65.561.9
100 1_ a Автор Зубова Л. Г.
q Полное имя Зубова Лариса Георгиевна
100 1_ a Автор Антропова О. А.
q Полное имя Антропова Ольга Александровна
100 1_ a Автор Андреева О. Н.
q Полное имя Андреева Ольга Николаевна
245 10 a Заглавие Готовность к научно-исследовательской деятельности: оценки выпускников ведущих российских университетов
504 a Библиография Библиогр. ссылки. - Примеч.
650 a Основная рубрика социология
a Основная рубрика социология образования
653 a Ключевые слова выпускники вузов
a Ключевые слова жизненные стратегии
a Ключевые слова жизненные ценности
a Ключевые слова научно-исследовательская деятельность
a Ключевые слова Россия
773 t Заглавие источника Вестник Московского университета. Серия 18, Социология и политология
d Дата издания источника 2008
g Прочая информация № 1. - С. 152 - 165 : диагр.
w Контрольный № источника RU/IS/BASE/279889919
901 t Тип документа b